|
|
|
|
| LEADER |
00680nab a2200193 i 4500 |
| 001 |
acta44522 |
| 005 |
20220511140758.0 |
| 008 |
170213s2016 hu o 0|| eng d |
| 022 |
|
|
|a 0563-0614, 0324-6523
|
| 040 |
|
|
|a SZTE Egyetemi Kiadványok Repozitórium
|b hun
|
| 041 |
|
|
|a eng
|
| 245 |
0 |
3 |
|a In memoriam prof. György Koppány
|h [elektronikus dokumentum]
|
| 260 |
|
|
|c 2016
|
| 300 |
|
|
|a 7-8
|
| 490 |
0 |
|
|a Acta climatologica
|v 49-50
|
| 650 |
|
4 |
|a Természettudományok
|
| 650 |
|
4 |
|a Föld- és kapcsolódó környezettudományok
|
| 695 |
|
|
|a Koppány György, Meteorológia, Éghajlattan
|
| 856 |
4 |
0 |
|u http://acta.bibl.u-szeged.hu/44522/1/climatologica_049_050_007-008.pdf
|z Dokumentum-elérés
|